[路線図付き] JR東日本 日光線 駅名穴埋めクイズ - Statistics

General Stats
  • This quiz has been taken 673 times
  • The average score is 5 of 7
Answers on the Map
Answers color-coded by a green-red scale on the quiz's map according to % correct below.
 
Answer Stats
Answer % Correct
日光線 日光
99%
日光線 宇都宮
96%
日光線 今市
83%
日光線 鹿沼
78%
日光線 下野大沢
62%
日光線 鶴田
59%
日光線 文挾
54%
No matching quizzes found
Score Distribution
Percent of People with Each Score
Percentile by Number Answered
Your Score History
You have not taken this quiz